| 000 | 00704nam a2200265Ia 4500 | ||
|---|---|---|---|
| 003 | OSt | ||
| 005 | 20220912151346.0 | ||
| 006 | a|||||r|||| 00| 0 | ||
| 007 | ta | ||
| 008 | 220909b |||||||| |||| 00| 0 eng d | ||
| 024 | _a48008 | ||
| 037 | _cTextual | ||
| 040 |
_aCSL _beng _cCSL |
||
| 041 | _aeng | ||
| 082 | _aH4220bD65,8(B), L5 | ||
| 100 | _aFleming G | ||
| 245 | 0 | _aComputer simulation techniques in hydrology | |
| 260 |
_aNew York _b Elsevier _c1975 |
||
| 300 |
_aix, 333p. _ccm. |
||
| 490 | _aEnvironmental science series | ||
| 650 | _a Hydrology | ||
| 650 | _aGeology | ||
| 942 |
_hH4220bD65,8(B), L5 _cTEXL _2CC |
||
| 999 |
_c66968 _d66968 |
||